[Event "45th World U20 ch"]
[Site "Yerevan ARM"]
[Date "2006.10.16"]
[Round "13.14"]
[White "Babuian, Levon"]
[Black "Grachev, Boris"]
[Result "1/2-1/2"]
[WhiteElo "2394"]
[BlackElo "2583"]
[EventDate "2006.10.02"]
[PlyCount "92"]

1.e4 c5 2.Nf3 d6 3.d4 cxd4 4.Nxd4 e5 5.Bb5+ Bd7 6.Bxd7+ Qxd7 7.Nf5 Nf6 8.
Nc3 Nxe4 9.Nxg7+ Bxg7 10.Nxe4 d5 11.Bh6 O-O 12.Bxg7 Kxg7 13.Ng3 Nc6 14.O-O
f5 15.f4 e4 16.c3 Rad8 17.Rc1 Qf7 18.Qb3 d4 19.Qxf7+ Rxf7 20.cxd4 Nxd4 21.
Rfd1 Kg6 22.Kf2 Rfd7 23.Nf1 Nc6 24.Rxd7 Rxd7 25.a3 Rd3 26.Rc3 Rxc3 27.bxc3
Ne7 28.c4 Kf6 29.Ke3 h5 30.Ng3 h4 31.Ne2 Ke6 32.g3 hxg3 33.hxg3 Kd6 34.g4 
fxg4 35.Kxe4 Kc5 36.f5 Nxf5 37.Kxf5 Kxc4 38.Kxg4 a5 39.Kf3 Kb3 40.Ke3 Kxa3
41.Kd3 Kb2 42.Kc4 a4 43.Kb4 a3 44.Nc3 b5 45.Nd1+ Ka2 46.Nc3+ Kb2 1/2-1/2

[Event "45th World U20 ch"]
[Site "Yerevan ARM"]
[Date "2006.10.16"]
[Round "13.17"]
[White "Amin, Bassem"]
[Black "Warakomski, Tomasz"]
[Result "1/2-1/2"]
[WhiteElo "2504"]
[BlackElo "2446"]
[EventDate "2006.10.02"]
[PlyCount "105"]

1.e4 e5 2.Nf3 Nc6 3.Bb5 a6 4.Ba4 Nf6 5.Qe2 b5 6.Bb3 Bc5 7.a4 Rb8 8.axb5 
axb5 9.d3 d6 10.Be3 O-O 11.Nbd2 Bxe3 12.Qxe3 Be6 13.O-O Qd7 14.c3 Bxb3 15.
Nxb3 b4 16.c4 Ra8 17.Nh4 Ng4 18.Qh3 g6 19.Qg3 Nh6 20.Rae1 Ra2 21.Re2 Qg4 
22.Rc2 Qxg3 23.fxg3 Ng4 24.Rb1 Nd4 25.Nxd4 exd4 26.c5 Ne5 27.cxd6 cxd6 28.
Nf3 b3 29.Rc7 Nxd3 30.Nxd4 Re8 31.Rc3 Rxb2 32.Rxb2 Nxb2 33.Rxb3 Rxe4 34.
Nb5 Nd1 35.h3 d5 36.Kf1 Ne3+ 37.Kf2 Nf5 38.Nc7 Re5 39.g4 Nd6 40.Kf3 Ne4 
41.Rb8+ Kg7 42.Rd8 Nf6 43.Rd6 g5 44.Rd8 Re1 45.Rd6 Re5 46.Rd8 Kg6 47.Rd6 
h6 48.Kf2 Re6 49.Rxe6 fxe6 50.Nxe6 Ne4+ 51.Ke3 Kf6 52.Nd4 Nd6 53.Nc6 
1/2-1/2

[Event "45th World U20 ch"]
[Site "Yerevan ARM"]
[Date "2006.10.16"]
[Round "13.19"]
[White "Nechepurenko, Roman"]
[Black "Geller, Jakov"]
[Result "0-1"]
[WhiteElo "2479"]
[BlackElo "2501"]
[EventDate "2006.10.02"]
[PlyCount "68"]

1.c4 e6 2.g3 d5 3.Bg2 c6 4.Qc2 Nf6 5.Nf3 dxc4 6.Ne5 b5 7.O-O Bb7 8.b3 Bd6 
9.Bb2 cxb3 10.Qxb3 O-O 11.a4 b4 12.a5 Qc7 13.Nc4 Be7 14.Be5 Qd7 15.Qf3 Na6
16.d4 Rac8 17.Nbd2 Ba8 18.Bxf6 Bxf6 19.Ne4 Be7 20.Qd3 c5 21.e3 Qb5 22.Rfc1
Rfd8 23.Bf1 cxd4 24.Ncd6 Qxd3 25.Bxd3 Rxc1+ 26.Rxc1 f5 27.Nc8 Bxe4 28.
Nxe7+ Kf8 29.Bxe4 fxe4 30.Nc8 d3 31.Nxa7 b3 32.Nb5 Rd5 33.Nd4 b2 34.Rb1 e5
0-1

[Event "45th World U20 ch"]
[Site "Yerevan ARM"]
[Date "2006.10.16"]
[Round "13.20"]
[White "Mareco, Sandro"]
[Black "Romanov, Evgeny"]
[Result "1-0"]
[WhiteElo "2335"]
[BlackElo "2500"]
[EventDate "2006.10.02"]
[PlyCount "57"]

1.e4 e5 2.Nf3 Nc6 3.Bb5 a6 4.Ba4 Nf6 5.O-O Be7 6.Re1 b5 7.Bb3 d6 8.c3 O-O 
9.h3 Nd7 10.d4 Bb7 11.Nbd2 Bf6 12.Nf1 Re8 13.Ng3 g6 14.d5 Na5 15.Bc2 Nb6 
16.Nh2 Bg7 17.Ng4 Qh4 18.b3 Bc8 19.Be3 Bxg4 20.Qxg4 Qxg4 21.hxg4 h6 22.Kf1
Bf6 23.Bxh6 g5 24.Ke2 Kh7 25.Rh1 Kg6 26.Rh5 Bd8 27.Nf5 Rg8 28.Bf8 f6 29.
Be7 1-0

[Event "45th World U20 ch"]
[Site "Yerevan ARM"]
[Date "2006.10.16"]
[Round "13.23"]
[White "Brandenburg, Daan"]
[Black "Sangma, Rahul"]
[Result "1/2-1/2"]
[WhiteElo "2421"]
[BlackElo "2301"]
[EventDate "2006.10.02"]
[PlyCount "26"]

1.e4 e5 2.Nf3 Nc6 3.d4 exd4 4.Bc4 Bc5 5.c3 Nf6 6.e5 d5 7.Bb5 Ne4 8.cxd4 
Bb6 9.O-O O-O 10.Be3 Bg4 11.Bxc6 bxc6 12.Qc2 Bxf3 13.gxf3 Qh4 1/2-1/2

[Event "45th World U20 ch"]
[Site "Yerevan ARM"]
[Date "2006.10.16"]
[Round "13.24"]
[White "Zarkua, Davit"]
[Black "Movsisian, Vardan"]
[Result "0-1"]
[WhiteElo "2411"]
[BlackElo "2293"]
[EventDate "2006.10.02"]
[PlyCount "118"]

1.d4 d5 2.c4 dxc4 3.Nf3 Nf6 4.Nc3 a6 5.a4 e6 6.e4 Bb4 7.e5 Nd5 8.Bd2 Nc6 
9.Bxc4 Nb6 10.Ba2 Nxd4 11.Ng5 Be7 12.a5 Nd7 13.Be3 c5 14.f4 Nxe5 15.Nxe6 
Bxe6 16.fxe5 Bxa2 17.Rxa2 Nc6 18.O-O Qxd1 19.Rxd1 Nxe5 20.Nd5 Rc8 21.b3 f6
22.Bf4 Rd8 23.Bxe5 fxe5 24.Rf2 Bd6 25.Rf3 Rf8 26.Kf2 Rxf3+ 27.Kxf3 Kf7 28.
Ke4 Ke6 29.Rd3 Rf8 30.Rg3 g6 31.h4 Rf1 32.h5 gxh5 33.Rg5 Rd1 34.Ne3 Rd4+ 
35.Kf3 e4+ 36.Ke2 Rb4 37.Rxh5 Rxb3 38.Rh6+ Kd7 39.Nc4 Rd3 40.g4 Rd4 41.
Rxh7+ Kc6 42.Ne3 Bf4 43.Rf7 Bxe3 44.Kxe3 Ra4 45.Rf6+ Kd5 46.Rf5+ Kc4 47.
Rf7 Rxa5 48.Rxb7 Rb5 49.Ra7 a5 50.Kxe4 Kb3 51.g5 c4 52.g6 Rg5 53.Rb7+ Kc2 
54.g7 c3 55.Ra7 a4 56.Ke3 a3 57.Rxa3 Rxg7 58.Ra2+ Kb1 59.Ra6 Rb7 0-1

[Event "45th World U20 ch"]
[Site "Yerevan ARM"]
[Date "2006.10.16"]
[Round "13.25"]
[White "Vaznonis, Vytautas"]
[Black "Tonoian, Armen"]
[Result "1/2-1/2"]
[WhiteElo "2291"]
[BlackElo "2400"]
[EventDate "2006.10.02"]
[PlyCount "81"]

1.d4 d5 2.Nf3 Nf6 3.c4 dxc4 4.Nc3 a6 5.e4 b5 6.e5 Nd5 7.a4 Nxc3 8.bxc3 Qd5
9.g3 Bb7 10.Bg2 Qd7 11.Ba3 g6 12.O-O Bg7 13.Re1 O-O 14.Bc5 Bd5 15.Ng5 Nc6 
16.e6 fxe6 17.Qg4 Bxg2 18.Kxg2 Qd5+ 19.f3 e5 20.Ne6 exd4 21.cxd4 Qf5 22.
Qxf5 gxf5 23.Nxg7 Kxg7 24.d5 Na5 25.Rxe7+ Kg8 26.Rxc7 Rfc8 27.d6 Nb3 28.
axb5 Nxc5 29.b6 Rab8 30.Re1 Nb7 31.d7 Rd8 32.Rxb7 Rxb7 33.Re8+ Kf7 34.Rxd8
Ke6 35.Kf2 Rxb6 36.Rh8 Kxd7 37.Rxh7+ Kd8 38.h4 c3 39.Rh8+ Kd7 40.Rh7+ Kd8 
41.Rh8+ 1/2-1/2

[Event "45th World U20 ch"]
[Site "Yerevan ARM"]
[Date "2006.10.16"]
[Round "13.28"]
[White "Wang Li"]
[Black "Gorovets, Andrei"]
[Result "1-0"]
[WhiteElo "2226"]
[BlackElo "2368"]
[EventDate "2006.10.02"]
[PlyCount "55"]

1.e4 c5 2.Nf3 a6 3.Nc3 b5 4.d4 cxd4 5.Nxd4 Bb7 6.Bd3 e6 7.O-O Bc5 8.Nb3 
Be7 9.Qe2 d6 10.Bd2 Nc6 11.f4 Nf6 12.Rae1 Nd7 13.Kh1 O-O 14.Rf3 g6 15.Rh3 
Re8 16.Nd1 Nc5 17.Nf2 Nxb3 18.axb3 d5 19.exd5 Nd4 20.Qf1 Bxd5 21.Ng4 h5 
22.Ne5 Nf5 23.Bxf5 gxf5 24.Rg3+ Kf8 25.Qe2 Bd6 26.Qxh5 Ra7 27.Qh6+ Ke7 28.
Qg5+ 1-0

[Event "45th World U20 ch"]
[Site "Yerevan ARM"]
[Date "2006.10.16"]
[Round "13.29"]
[White "Hungaski, Robert"]
[Black "Nasri, Amin"]
[Result "1-0"]
[WhiteElo "2366"]
[BlackElo "2227"]
[EventDate "2006.10.02"]
[PlyCount "41"]

1.Nf3 d5 2.d4 e6 3.c4 c6 4.Nc3 Nf6 5.Bg5 h6 6.Bh4 dxc4 7.e4 g5 8.Bg3 b5 9.
Be2 Bb7 10.h4 g4 11.Ne5 h5 12.O-O Nbd7 13.Qc2 a6 14.Rad1 Be7 15.f3 Rg8 16.
fxg4 hxg4 17.Nxf7 Kxf7 18.e5 c5 19.d5 Qb6 20.exf6 Bxf6 21.Ne4 1-0

[Event "45th World U20 ch"]
[Site "Yerevan ARM"]
[Date "2006.10.16"]
[Round "13.30"]
[White "Kjartansson, Gudmundur"]
[Black "Jessel, Stephen"]
[Result "1/2-1/2"]
[WhiteElo "2246"]
[BlackElo "2357"]
[EventDate "2006.10.02"]
[PlyCount "150"]

1.e4 e6 2.d4 d5 3.e5 c5 4.c3 Nc6 5.Nf3 Qb6 6.a3 a5 7.Bd3 Nh6 8.O-O cxd4 9.
cxd4 Nf5 10.Bxf5 exf5 11.Nc3 Be6 12.Na4 Qb5 13.Be3 h6 14.Ne1 Be7 15.Nd3 
O-O 16.Rc1 Rfd8 17.Nac5 Bf8 18.Nxe6 fxe6 19.Nf4 Re8 20.Qh5 Re7 21.Qg6 Nd8 
22.Nh5 Kh8 23.Bxh6 Qe8 24.Qxe8 Rxe8 25.Be3 Nc6 26.Rfd1 Ra6 27.Nf4 Rb6 28.
Rc2 Kg8 29.h4 Kf7 30.h5 Be7 31.Ng6 Bd8 32.f3 Rb3 33.Kf2 a4 34.g4 fxg4 35.
fxg4 Bb6 36.Ke2 Ra8 37.g5 Re8 38.Rf1+ Kg8 39.Rf4 Na5 40.Rc8 Rxc8 41.Ne7+ 
Kh7 42.Nxc8 Rxb2+ 43.Kf3 Nc4 44.Rf8 Nxe3 45.Kxe3 Ba5 46.Nd6 Rb3+ 47.Kf4 g6
48.Rf7+ Kg8 49.hxg6 Rb1 50.Ke3 Rg1 51.Ne8 Bd8 52.Nf6+ Bxf6 53.gxf6 Rxg6 
54.Rxb7 Rg3+ 55.Kf4 Rxa3 56.Re7 Ra1 57.Rxe6 a3 58.Ra6 a2 59.e6 Rf1+ 60.Ke5
a1=Q 61.Rxa1 Rxa1 62.Kxd5 Kf8 63.Kd6 Ra6+ 64.Ke5 Ke8 65.d5 Ra1 66.f7+ Kf8 
67.d6 Re1+ 68.Kd5 Rc1 69.Kd4 Rc2 70.Ke4 Rc1 71.Ke5 Rd1 72.d7 Ke7 73.Ke4 
Rf1 74.Ke3 Re1+ 75.Kd3 Rd1+ 1/2-1/2